[Event "Madrid-ch 2020-2021 - Previa A"]
[Site "Madrid ESP"]
[Date "2021.02.23"]
[Round "8.4"]
[White "Vega de Alba, Miguel"]
[Black "Rico Jimenez, Samuel"]
[Result "0-1"]
[WhiteElo "1759"]
[BlackElo "1834"]
[PlyCount "100"]
[EventDate "2021.02.08"]
[EventType "swiss"]
[EventRounds "9"]
[EventCountry "ESP"]
[SourceTitle "Ajedrez en Madrd"]
[Source "lmi"]
[SourceDate "2021.02.08"]
[SourceVersion "1"]
[SourceVersionDate "2021.03.04"]
[SourceQuality "1"]

1. d4 d6 2. Nf3 g6 3. c4 Bg7 4. Nc3 Nc6 5. h3 e5 6. d5 Nce7 7. e4 h6 8. Bd3 f5
9. Bd2 Nf6 10. O-O f4 11. c5 g5 12. cxd6 cxd6 13. Bb5+ Kf8 14. Nh2 h5 15. Be2
Ng6 16. f3 Bd7 17. Rc1 Rc8 18. Kh1 a6 19. b4 b5 20. a4 Qb6 21. axb5 axb5 22.
Be1 Kf7 23. Bf2 Qb7 24. Qd3 g4 25. g3 fxg3 26. Bxg3 h4 27. Be1 Nf4 28. Qd2 g3
29. Rg1 gxh2 30. Kxh2 Nxe2 31. Qxe2 Bh6 32. Bd2 Nh5 33. Bxh6 Rxh6 34. Qg2 Ng3
35. Qd2 Rg6 36. f4 Rcg8 37. f5 Rg5 38. Qe3 Qa8 39. Ra1 Qc8 40. Ra7 Ke7 41. Rc1
Qc4 42. f6+ Kxf6 43. Qf3+ Ke7 44. Rca1 Qc8 45. Qe3 R5g6 46. Qd2 R8g7 47. Rc1
Qf8 48. Nxb5 Nf1+ 49. Rxf1 Qxf1 50. Rxd7+ Kxd7 0-1

[Event "Madrid-ch 2020-2021 - Previa A"]
[Site "Madrid ESP"]
[Date "2021.02.23"]
[Round "8.5"]
[White "Diaz-Roncero Gonzalez, Daniel"]
[Black "Martin-Buitrago Lopez, Antonio"]
[Result "1/2-1/2"]
[WhiteElo "1552"]
[BlackElo "1686"]
[PlyCount "62"]
[EventDate "2021.02.08"]
[EventType "swiss"]
[EventRounds "9"]
[EventCountry "ESP"]
[SourceTitle "Ajedrez en Madrd"]
[Source "lmi"]
[SourceDate "2021.02.08"]
[SourceVersion "1"]
[SourceVersionDate "2021.03.04"]
[SourceQuality "1"]

1. e4 e6 2. d4 d5 3. Bd3 dxe4 4. Bxe4 Nf6 5. Bf3 c5 6. Ne2 cxd4 7. Qxd4 Qxd4 8.
Nxd4 a6 9. O-O Nbd7 10. Re1 Be7 11. Nc3 O-O 12. a3 Bc5 13. Nb3 Bd6 14. Bg5 h6
15. Bh4 Ne5 16. Be2 Ng6 17. Bg3 Bxg3 18. hxg3 b6 19. Bf3 Rb8 20. Rad1 Bb7 21.
Bxb7 Rxb7 22. Rd6 Rc8 23. Red1 Ne7 24. Rd8+ Rxd8 25. Rxd8+ Kh7 26. Ra8 a5 27.
Nb5 Ned5 28. Ra7 Rxa7 29. Nxa7 Nd7 30. Nc8 e5 31. Kf1 Kg6 1/2-1/2

[Event "Madrid-ch 2020-2021 - Previa A"]
[Site "Madrid ESP"]
[Date "2021.02.23"]
[Round "8.6"]
[White "Huerto Moreno, Jorge"]
[Black "Giron Herranz, Juan"]
[Result "1-0"]
[WhiteElo "1796"]
[BlackElo "1796"]
[PlyCount "65"]
[EventDate "2021.02.08"]
[EventType "swiss"]
[EventRounds "9"]
[EventCountry "ESP"]
[SourceTitle "Ajedrez en Madrd"]
[Source "lmi"]
[SourceDate "2021.02.08"]
[SourceVersion "1"]
[SourceVersionDate "2021.03.04"]
[SourceQuality "1"]

1. e4 c5 2. Nc3 e6 3. f4 g6 4. Nf3 Bg7 5. e5 d6 6. Bb5+ Nc6 7. Bxc6+ bxc6 8.
Ne4 Bf8 9. exd6 Bxd6 10. Nxd6+ Qxd6 11. d3 Ne7 12. b3 f6 13. Qd2 Nd5 14. g3 Kf7
15. Bb2 Re8 16. Rf1 Kg7 17. O-O-O a5 18. c4 Ne7 19. Ng5 Ng8 20. Ne4 Qe7 21. g4
Kf7 22. Rde1 a4 23. g5 f5 24. Qc3 e5 25. fxe5 Ke6 26. Nf6 Rd8 27. Kc2 a3 28.
Bc1 Bb7 29. h4 Rd4 30. h5 Rad8 31. Rf3 Rh4 32. Re2 Rdd4 33. Nxg8 1-0

[Event "Madrid-ch 2020-2021 - Previa A"]
[Site "Madrid ESP"]
[Date "2021.02.23"]
[Round "8.7"]
[White "Sanchez Romeralo, Jaime"]
[Black "Giron Herranz, Ivan"]
[Result "1-0"]
[WhiteElo "1755"]
[BlackElo "1380"]
[PlyCount "96"]
[EventDate "2021.02.08"]
[EventType "swiss"]
[EventRounds "9"]
[EventCountry "ESP"]
[SourceTitle "Ajedrez en Madrd"]
[Source "lmi"]
[SourceDate "2021.02.08"]
[SourceVersion "1"]
[SourceVersionDate "2021.03.04"]
[SourceQuality "1"]

1. Nf3 Nf6 2. b3 g6 3. Bb2 Bg7 4. c4 c6 5. g3 d5 6. Bg2 O-O 7. O-O Nbd7 8. d3
b5 9. cxd5 cxd5 10. Na3 a6 11. Rc1 Bb7 12. Nc2 Re8 13. Nb4 Rc8 14. Nd4 a5 15.
Nbc2 Qb6 16. Nf3 e5 17. b4 a4 18. e3 Qd6 19. Qd2 Nb8 20. Na3 Rxc1 21. Rxc1 Bc6
22. Qc3 Nfd7 23. Nc2 f6 24. Nce1 Bh6 25. Rc2 Bf8 26. a3 Bg7 27. h4 Rc8 28. Bh3
Bb7 29. Qd2 Rxc2 30. Qxc2 Qc6 31. Qd2 Bc8 32. h5 gxh5 33. Nh4 Nf8 34. Bf5 Bxf5
35. Nxf5 Qe6 36. e4 d4 37. Qc2 Na6 38. Bc1 Ng6 39. Ng2 Kf7 40. Qe2 Qc6 41. Bb2
Bf8 42. Qxh5 Kg8 43. Qe2 Nc7 44. f4 Ne6 45. fxe5 Nxe5 46. Nf4 Nxf4 47. gxf4 Ng6
48. Nxd4 Nxf4 1-0

[Event "Madrid-ch 2020-2021 - Previa A"]
[Site "Madrid ESP"]
[Date "2021.02.23"]
[Round "8.8"]
[White "Pashov, Spas Nikolov"]
[Black "Torres Rebolledo, Alvaro"]
[Result "1/2-1/2"]
[WhiteElo "1819"]
[BlackElo "1251"]
[PlyCount "73"]
[EventDate "2021.02.08"]
[EventType "swiss"]
[EventRounds "9"]
[EventCountry "ESP"]
[SourceTitle "Ajedrez en Madrd"]
[Source "lmi"]
[SourceDate "2021.02.08"]
[SourceVersion "1"]
[SourceVersionDate "2021.03.04"]
[SourceQuality "1"]

1. e4 e5 2. Nf3 Nc6 3. c3 Nf6 4. d4 exd4 5. e5 Nd5 6. cxd4 Bb4+ 7. Bd2 Bxd2+ 8.
Nbxd2 d6 9. Bb5 Bd7 10. exd6 cxd6 11. O-O O-O 12. h3 Nf4 13. Ne4 d5 14. Nc5 Ne6
15. Nxd7 Qxd7 16. Qa4 a6 17. Ne5 axb5 18. Qxa8 Nxe5 19. Qa3 Nc4 20. Qc3 Nf4 21.
Rfe1 Rc8 22. Rac1 Qf5 23. Qf3 g6 24. b3 Nd3 25. Qxf5 gxf5 26. bxc4 Nxc1 27.
Rxc1 Rxc4 28. Rb1 b4 29. Rd1 Kg7 30. Rd2 Rc1+ 31. Kh2 f4 32. g4 Rc3 33. Kg2 Kf6
34. h4 h6 35. Rb2 Rc4 36. Rd2 Rc3 37. Rb2 1/2-1/2

[Event "Madrid-ch 2020-2021 - Previa A"]
[Site "Madrid ESP"]
[Date "2021.02.23"]
[Round "8.10"]
[White "Pujante Martinez, Rafael"]
[Black "De Fuenmayor Fernandez de la , Carlos Pablo"]
[Result "1-0"]
[WhiteElo "1911"]
[BlackElo "1386"]
[PlyCount "39"]
[EventDate "2021.02.08"]
[EventType "swiss"]
[EventRounds "9"]
[EventCountry "ESP"]
[SourceTitle "Ajedrez en Madrd"]
[Source "lmi"]
[SourceDate "2021.02.08"]
[SourceVersion "1"]
[SourceVersionDate "2021.03.04"]
[SourceQuality "1"]

1. e4 e5 2. Nf3 Nc6 3. Nc3 Nf6 4. Bb5 Bc5 5. Nxe5 Nxe5 6. d4 Bd6 7. f4 Nc6 8.
e5 Bb4 9. exf6 Qxf6 10. Be3 O-O 11. O-O a6 12. Ba4 b5 13. Bb3 Bb7 14. Nd5 Qg6
15. f5 Qd6 16. Bf4 Ne5 17. dxe5 Qc6 18. Qg4 Qc5+ 19. Be3 h5 20. Nf6+ 1-0

[Event "Madrid-ch 2020-2021 - Previa A"]
[Site "Madrid ESP"]
[Date "2021.02.23"]
[Round "8.11"]
[White "Alonso Pardo, Daniel"]
[Black "Villodre Miranda, Juan Alonso"]
[Result "1/2-1/2"]
[WhiteElo "1568"]
[BlackElo "1577"]
[PlyCount "149"]
[EventDate "2021.02.08"]
[EventType "swiss"]
[EventRounds "9"]
[EventCountry "ESP"]
[SourceTitle "Ajedrez en Madrd"]
[Source "lmi"]
[SourceDate "2021.02.08"]
[SourceVersion "1"]
[SourceVersionDate "2021.03.04"]
[SourceQuality "1"]

1. e4 g6 2. d4 Bg7 3. Nf3 c6 4. c3 d5 5. e5 h6 6. Bd3 e6 7. Be3 b6 8. Qc2 Ne7
9. Nbd2 Ba6 10. O-O Bxd3 11. Qxd3 Nd7 12. b3 c5 13. Rac1 Nf5 14. Rfe1 Nxe3 15.
fxe3 a6 16. Re2 b5 17. c4 bxc4 18. bxc4 dxc4 19. Nxc4 O-O 20. Nd6 cxd4 21. exd4
Nb6 22. Rec2 Nd5 23. a3 Nf4 24. Qd2 Nd5 25. Rc6 Kh7 26. R1c5 f6 27. Qa5 Qb8 28.
Rc1 fxe5 29. dxe5 Qb2 30. R6c2 Qb8 31. Qc5 Qd8 32. Rb2 Rxf3 33. gxf3 Nf4 34.
Qe3 Qg5+ 35. Kh1 Qxe5 36. Qxe5 Bxe5 37. Rb7+ Kg8 38. Rc8+ Rxc8 39. Nxc8 a5 40.
Ne7+ Kf8 41. Nxg6+ Nxg6 42. a4 Bc3 43. Kg2 Ne7 44. f4 Kf7 45. Kf3 Kf6 46. Ke4
Nf5 47. Rb8 Nd6+ 48. Kf3 Bb4 49. Rf8+ Nf7 50. Rb8 Nd6 51. Rf8+ Kg7 52. Rb8 Nc4
53. Ke4 Kf7 54. Kd4 Nb2 55. Rxb4 axb4 56. a5 Na4 57. Kc4 b3 58. Kxb3 Nc5+ 59.
Kb4 Na6+ 60. Kb5 Nb8 61. Kb6 Ke7 62. Kc7 Na6+ 63. Kb6 Nb4 64. Kc5 Nd5 65. a6
Kd7 66. f5 Nc7 67. fxe6+ Nxe6+ 68. Kd5 Nc7+ 69. Ke5 Ke7 70. a7 Na8 71. Kf5 Kf7
72. h4 Nb6 73. h5 Na8 74. Ke5 Nb6 75. Kf5 1/2-1/2

[Event "Madrid-ch 2020-2021 - Previa A"]
[Site "Madrid ESP"]
[Date "2021.02.23"]
[Round "8.12"]
[White "Martinez Miura, Enrique"]
[Black "Darrazi Anbari, Munir"]
[Result "0-1"]
[WhiteElo "1571"]
[BlackElo "1376"]
[PlyCount "106"]
[EventDate "2021.02.08"]
[EventType "swiss"]
[EventRounds "9"]
[EventCountry "ESP"]
[SourceTitle "Ajedrez en Madrd"]
[Source "lmi"]
[SourceDate "2021.02.08"]
[SourceVersion "1"]
[SourceVersionDate "2021.03.04"]
[SourceQuality "1"]

1. e4 e5 2. Nf3 Nc6 3. Bb5 Nf6 4. O-O Nxe4 5. Bxc6 dxc6 6. Re1 Nd6 7. Nxe5 Be7
8. Qe2 Be6 9. d4 O-O 10. Nc3 Nf5 11. Be3 Nxd4 12. Bxd4 Qxd4 13. Nxf7 Rxf7 14.
Qxe6 Qxf2+ 15. Kh1 Qf6 16. Qe2 Raf8 17. g3 Bb4 18. Qc4 Bxc3 19. bxc3 Qf3+ 20.
Kg1 Qd5 21. Qg4 Rf2 22. Qe6+ Qxe6 23. Rxe6 Rxc2 24. Re7 Rff2 25. Rd1 Rg2+ 26.
Kf1 Rcd2 27. Rxd2 Rxd2 28. Rxc7 Rxh2 29. Rxb7 Rxa2 30. Rc7 Ra6 31. Ke2 h6 32.
Kd3 Ra5 33. Rxc6 Rg5 34. Rc8+ Kh7 35. Ra8 a5 36. Kd4 a4 37. c4 Rxg3 38. Rxa4 h5
39. Kd5 h4 40. c5 g5 41. c6 h3 42. Ra7+ Kg6 43. c7 h2 44. Ra6+ Kh5 45. Ra1 Rg1
46. Rxg1 hxg1=Q 47. c8=Q Qd1+ 48. Ke5 Qe2+ 49. Kd4 Qg4+ 50. Qxg4+ Kxg4 51. Ke3
Kg3 52. Ke2 g4 53. Kf1 Kh2 0-1

[Event "Madrid-ch 2020-2021 - Previa A"]
[Site "Madrid ESP"]
[Date "2021.02.23"]
[Round "8.13"]
[White "Suhayl, Muminov"]
[Black "Torres Rebolledo, Marcos"]
[Result "1/2-1/2"]
[WhiteElo "1510"]
[BlackElo "1334"]
[PlyCount "76"]
[EventDate "2021.02.08"]
[EventType "swiss"]
[EventRounds "9"]
[EventCountry "ESP"]
[SourceTitle "Ajedrez en Madrd"]
[Source "lmi"]
[SourceDate "2021.02.08"]
[SourceVersion "1"]
[SourceVersionDate "2021.03.04"]
[SourceQuality "1"]

1. d4 d5 2. Bf4 Nf6 3. e3 e6 4. Nd2 Be7 5. Ngf3 O-O 6. Bd3 b6 7. Ne5 Nbd7 8. c3
Bb7 9. Bg3 Ne4 10. f3 Nd6 11. O-O a5 12. Qc2 g6 13. f4 Nf5 14. Bf2 c5 15. Bb5
Nxe5 16. fxe5 Ba6 17. Bxa6 Rxa6 18. Nf3 c4 19. a4 Re8 20. e4 Ng7 21. Be3 dxe4
22. Qxe4 Nf5 23. Nd2 Qd5 24. Qxd5 exd5 25. Bf4 Raa8 26. g4 Ng7 27. Nb1 Ne6 28.
Na3 Nc7 29. Rfb1 Ne6 30. Bd2 Rec8 31. b3 Rab8 32. bxc4 dxc4 33. Nc2 f6 34. Re1
Re8 35. Na3 Bxa3 36. Rxa3 fxe5 37. Rxe5 Nc7 38. Bf4 Rbc8 1/2-1/2

[Event "Madrid-ch 2020-2021 - Previa A"]
[Site "Madrid ESP"]
[Date "2021.02.24"]
[Round "9.1"]
[White "Morera Rodriguez, Ignacio"]
[Black "Gutierrez Diaz, Pablo"]
[Result "1-0"]
[WhiteElo "1924"]
[BlackElo "1879"]
[PlyCount "77"]
[EventDate "2021.02.08"]
[EventType "swiss"]
[EventRounds "9"]
[EventCountry "ESP"]
[SourceTitle "Ajedrez en Madrd"]
[Source "lmi"]
[SourceDate "2021.02.08"]
[SourceVersion "1"]
[SourceVersionDate "2021.03.04"]
[SourceQuality "1"]

1. d4 f5 2. Bg5 g6 3. Nd2 Bg7 4. e4 d6 5. Ngf3 h6 6. Be3 Nf6 7. exf5 Bxf5 8.
Nh4 O-O 9. Nxf5 gxf5 10. Qf3 Qc8 11. Bc4+ Kh8 12. Qh3 Ng4 13. Nf3 e6 14. Nh4
Qe8 15. O-O-O d5 16. Be2 h5 17. Qg3 Qf7 18. Bf4 Kh7 19. h3 Nf6 20. Nf3 Ne4 21.
Ng5+ Nxg5 22. Qxg5 Nc6 23. Bxh5 Qf6 24. Qxf6 Bxf6 25. c3 Rg8 26. g3 Bg5 27. Bf7
Bxf4+ 28. gxf4 Rg2 29. Bxe6 Ne7 30. Rde1 Kg7 31. Re5 Ng6 32. Rxf5 Re8 33. Bxd5
Rxf2 34. Rg1 Ree2 35. Rfg5 Rxb2 36. Rxg6+ Kf8 37. Bb3 a5 38. Re1 a4 39. Rg8#
1-0

[Event "Madrid-ch 2020-2021 - Previa A"]
[Site "Madrid ESP"]
[Date "2021.02.24"]
[Round "9.2"]
[White "Rico Jimenez, Samuel"]
[Black "Vukotic Jovsic, Dragan"]
[Result "1/2-1/2"]
[WhiteElo "1834"]
[BlackElo "1879"]
[PlyCount "114"]
[EventDate "2021.02.08"]
[EventType "swiss"]
[EventRounds "9"]
[EventCountry "ESP"]
[SourceTitle "Ajedrez en Madrd"]
[Source "lmi"]
[SourceDate "2021.02.08"]
[SourceVersion "1"]
[SourceVersionDate "2021.03.04"]
[SourceQuality "1"]

1. e4 c5 2. Nf3 d6 3. Bb5+ Bd7 4. Bxd7+ Qxd7 5. d4 cxd4 6. Nxd4 Nc6 7. O-O Nf6
8. Nc3 g6 9. Re1 Bg7 10. Nxc6 bxc6 11. e5 dxe5 12. Rxe5 Nd5 13. Re2 Nxc3 14.
Qxd7+ Kxd7 15. bxc3 Bxc3 16. Rb1 Rab8 17. Rb3 Rxb3 18. axb3 Rd8 19. g4 e5 20.
Bg5 Re8 21. Bf6 Re6 22. g5 c5 23. Re3 Bd4 24. Rh3 e4 25. Bxd4 cxd4 26. Kf1 Re5
27. Rxh7 Ke6 28. Rh8 Rxg5 29. Re8+ Kf5 30. Re7 f6 31. Rxa7 Kf4 32. Ra4 Rc5 33.
Rxd4 Rxc2 34. Rd6 Ke5 35. Ra6 Rb2 36. Ra5+ Kf4 37. Ra6 Kg5 38. h4+ Kf5 39. Rb6
Ra2 40. b4 g5 41. hxg5 Kxg5 42. f3 exf3 43. Rb8 Kf4 44. b5 Rb2 45. b6 f5 46. b7
f2 47. Ra8 Rxb7 48. Ra4+ Kg3 49. Ra3+ Kg4 50. Kxf2 Rb2+ 51. Kf1 f4 52. Rc3 Rb1+
53. Kf2 Rb2+ 54. Kf1 Rb4 55. Kf2 f3 56. Rc8 Rb2+ 57. Kf1 Rb4 1/2-1/2

[Event "Madrid-ch 2020-2021 - Previa A"]
[Site "Madrid ESP"]
[Date "2021.02.24"]
[Round "9.3"]
[White "Tapia Sanchez, Jose Manuel"]
[Black "Barahona Torrijos, Angel"]
[Result "1-0"]
[WhiteElo "1738"]
[BlackElo "1842"]
[PlyCount "59"]
[EventDate "2021.02.08"]
[EventType "swiss"]
[EventRounds "9"]
[EventCountry "ESP"]
[SourceTitle "Ajedrez en Madrd"]
[Source "lmi"]
[SourceDate "2021.02.08"]
[SourceVersion "1"]
[SourceVersionDate "2021.03.04"]
[SourceQuality "1"]

1. e4 e5 2. Nf3 Nc6 3. Bc4 Nf6 4. Ng5 d5 5. exd5 b5 6. Bf1 Nd4 7. c3 Nxd5 8.
Nxf7 Kxf7 9. cxd4 exd4 10. Qf3+ Nf6 11. Bxb5 Be6 12. O-O Bd5 13. Qd3 c5 14. Re1
Bd6 15. Na3 Qc7 16. h3 Qb7 17. Nc4 Rad8 18. f3 Bg3 19. Re2 g6 20. b3 Nh5 21.
Re5 Bxe5 22. Nxe5+ Kg7 23. Ba3 Qc7 24. Rc1 Qa5 25. b4 cxb4 26. Qxd4 Bxf3 27.
Nd7+ Kh6 28. Qe3+ Kg7 29. Bb2+ Nf6 30. Bxf6+ 1-0

[Event "Madrid-ch 2020-2021 - Previa A"]
[Site "Madrid ESP"]
[Date "2021.02.24"]
[Round "9.4"]
[White "Torres Rebolledo, Victor"]
[Black "Sanchez Romeralo, Jaime"]
[Result "1-0"]
[WhiteElo "1818"]
[BlackElo "1755"]
[PlyCount "89"]
[EventDate "2021.02.08"]
[EventType "swiss"]
[EventRounds "9"]
[EventCountry "ESP"]
[SourceTitle "Ajedrez en Madrd"]
[Source "lmi"]
[SourceDate "2021.02.08"]
[SourceVersion "1"]
[SourceVersionDate "2021.03.04"]
[SourceQuality "1"]

1. c4 e6 2. Nc3 c6 3. d4 d5 4. cxd5 cxd5 5. Bf4 a6 6. e3 Nf6 7. Bd3 Nc6 8. Nge2
Be7 9. O-O Nh5 10. a3 h6 11. b4 O-O 12. Bc2 f5 13. Be5 Nxe5 14. dxe5 g6 15. f4
Qc7 16. g4 Ng7 17. gxf5 Nxf5 18. Bxf5 gxf5 19. Rc1 Qb6 20. Nd4 Bd7 21. Rf3 Kh7
22. Rg3 Rg8 23. Qh5 Rxg3+ 24. hxg3 Rg8 25. Kf2 Be8 26. Qh3 Rg6 27. Rg1 a5 28.
g4 axb4 29. axb4 Bxb4 30. Nce2 Bd7 31. gxf5 Rxg1 32. Kxg1 exf5 33. Qf3 Qg6+ 34.
Kh2 Bc6 35. Ng3 Bc5 36. Ngxf5 Bd7 37. Qxd5 Bxf5 38. Nxf5 Qxf5 39. Qxc5 Qe4 40.
Kg3 h5 41. Qe7+ Kg6 42. Qg5+ Kf7 43. Qxh5+ Ke6 44. Qe8+ Kf5 45. Qf7# 1-0

[Event "Madrid-ch 2020-2021 - Previa A"]
[Site "Madrid ESP"]
[Date "2021.02.24"]
[Round "9.5"]
[White "Martin-Buitrago Lopez, Antonio"]
[Black "Huerto Moreno, Jorge"]
[Result "0-1"]
[WhiteElo "1686"]
[BlackElo "1796"]
[PlyCount "48"]
[EventDate "2021.02.08"]
[EventType "swiss"]
[EventRounds "9"]
[EventCountry "ESP"]
[SourceTitle "Ajedrez en Madrd"]
[Source "lmi"]
[SourceDate "2021.02.08"]
[SourceVersion "1"]
[SourceVersionDate "2021.03.04"]
[SourceQuality "1"]

1. e4 c5 2. Nc3 Nc6 3. Bb5 Nd4 4. Bc4 e6 5. Nge2 Ne7 6. Nxd4 cxd4 7. Ne2 Nc6 8.
O-O d5 9. exd5 exd5 10. Bb5 Bc5 11. a3 O-O 12. Ng3 f5 13. d3 f4 14. Nh1 Ne5 15.
Qe2 Bd6 16. Ba4 f3 17. Qd1 fxg2 18. Kxg2 Qh4 19. f4 Ng4 20. h3 Ne3+ 21. Bxe3
Qxh3+ 22. Kg1 Qxe3+ 23. Nf2 Qg3+ 24. Kh1 Rxf4 0-1

[Event "Madrid-ch 2020-2021 - Previa A"]
[Site "Madrid ESP"]
[Date "2021.02.24"]
[Round "9.6"]
[White "Diaz-Roncero Gonzalez, Daniel"]
[Black "Vega de Alba, Miguel"]
[Result "1-0"]
[WhiteElo "1552"]
[BlackElo "1759"]
[PlyCount "197"]
[EventDate "2021.02.08"]
[EventType "swiss"]
[EventRounds "9"]
[EventCountry "ESP"]
[SourceTitle "Ajedrez en Madrd"]
[Source "lmi"]
[SourceDate "2021.02.08"]
[SourceVersion "1"]
[SourceVersionDate "2021.03.04"]
[SourceQuality "1"]

1. e4 c6 2. Nf3 d5 3. Nc3 dxe4 4. Nxe4 Nf6 5. Qe2 Nxe4 6. Qxe4 Nd7 7. Bc4 Nf6
8. Ne5 e6 9. Qe2 Bd6 10. d4 O-O 11. Bg5 h6 12. Bd2 c5 13. dxc5 Bxc5 14. O-O-O
Qb6 15. g4 Bd4 16. c3 Bxe5 17. Qxe5 Nxg4 18. Qg3 e5 19. Rdf1 Qc6 20. Bb3 Nf6
21. Rhg1 g5 22. Bxg5 Ne4 23. Bf6+ Nxg3 24. Rxg3+ Kh7 25. Bc2+ e4 26. Bxe4+ Qxe4
27. Rg7+ Kh8 28. Rg4+ Kh7 29. Rxe4 Be6 30. Rg1 Rg8 31. Rg3 Rxg3 32. hxg3 Kg6
33. Bd4 Bxa2 34. Rg4+ Kf5 35. Rh4 Kg6 36. Be3 h5 37. Ra4 Bb3 38. Rxa7 Rxa7 39.
Bxa7 Kf5 40. Kd2 Ke4 41. Be3 b5 42. Bb6 f5 43. Be3 Bc4 44. Kc2 Be2 45. Kb3 Kf3
46. Kb4 Kg4 47. b3 Kf3 48. c4 bxc4 49. bxc4 Ke4 50. Kc3 Ke5 51. Bf4+ Ke6 52.
Kd4 Kd7 53. Kd5 Bf3+ 54. Ke5 Be4 55. Kf6 Bd3 56. c5 Be4 57. Kg6 Ke6 58. Kxh5
Kf6 59. Kh6 Bf3 60. Bg5+ Kf7 61. Be3 Kf6 62. Bd4+ Ke6 63. Kg5 Be4 64. Kf4 Bd3
65. Be3 Bb5 66. f3 Be2 67. g4 fxg4 68. fxg4 Bb5 69. g5 Bc6 70. Bd4 Be8 71. Be5
Kd5 72. Bd6 Ke6 73. Ke4 Bc6+ 74. Kd4 Kf5 75. Be7 Ke6 76. Bd8 Kf5 77. Kc4 Kg6
78. Kb4 Kf7 79. Ka5 Ke8 80. Kb6 Be4 81. Bf6 Kd7 82. Bd4 Kc8 83. c6 Bf5 84. Kc5
Kc7 85. Be5+ Kc8 86. Kd6 Kd8 87. c7+ Ke8 88. g6 Kf8 89. g7+ Kf7 90. Kc6 Bc8 91.
Kb6 Be6 92. Kb7 Bd5+ 93. Kb8 Be6 94. c8=Q Bxc8 95. Kxc8 Kg8 96. Kd7 Kf7 97. Bd4
Kg8 98. Ke7 Kh7 99. Kf7 1-0

[Event "Madrid-ch 2020-2021 - Previa A"]
[Site "Madrid ESP"]
[Date "2021.02.24"]
[Round "9.7"]
[White "Torres Rebolledo, Alvaro"]
[Black "Pujante Martinez, Rafael"]
[Result "0-1"]
[WhiteElo "1251"]
[BlackElo "1911"]
[PlyCount "64"]
[EventDate "2021.02.08"]
[EventType "swiss"]
[EventRounds "9"]
[EventCountry "ESP"]
[SourceTitle "Ajedrez en Madrd"]
[Source "lmi"]
[SourceDate "2021.02.08"]
[SourceVersion "1"]
[SourceVersionDate "2021.03.04"]
[SourceQuality "1"]

1. e4 e6 2. d4 d5 3. e5 c5 4. c3 Nc6 5. Nf3 Qb6 6. a3 cxd4 7. cxd4 Nge7 8. b4
Bd7 9. Bb2 Rc8 10. Nc3 Nf5 11. Na4 Qd8 12. Bd3 a5 13. Bxf5 exf5 14. b5 Ne7 15.
b6 Nc6 16. O-O g5 17. Nc5 g4 18. Ne1 Qxb6 19. Nxd7 Kxd7 20. Qd3 Qxb2 21. Rb1
Qxd4 22. Qxf5+ Kc7 23. Qxf7+ Be7 24. Rc1 Qxe5 25. Nd3 Qd6 26. Rfe1 Rce8 27. Re6
Rhf8 28. Rxd6 Rxf7 29. Rxd5 Bxa3 30. Rc3 Bb4 31. Rc1 Rd7 32. Rxd7+ Kxd7 0-1

[Event "Madrid-ch 2020-2021 - Previa A"]
[Site "Madrid ESP"]
[Date "2021.02.24"]
[Round "9.8"]
[White "Darrazi Anbari, Munir"]
[Black "Pashov, Spas Nikolov"]
[Result "1/2-1/2"]
[WhiteElo "1376"]
[BlackElo "1819"]
[PlyCount "44"]
[EventDate "2021.02.08"]
[EventType "swiss"]
[EventRounds "9"]
[EventCountry "ESP"]
[SourceTitle "Ajedrez en Madrd"]
[Source "lmi"]
[SourceDate "2021.02.08"]
[SourceVersion "1"]
[SourceVersionDate "2021.03.04"]
[SourceQuality "1"]

1. e4 e5 2. Nf3 Nc6 3. Bb5 f5 4. exf5 e4 5. Qe2 Qe7 6. Bxc6 dxc6 7. Nd4 Nh6 8.
Ne6 Nxf5 9. Nxf8 Rxf8 10. c3 Bd7 11. O-O O-O-O 12. Re1 Rde8 13. Na3 Qh4 14. Nc2
Rf6 15. Ne3 Rh6 16. Nf1 Rh5 17. b3 Nh6 18. Qe3 b6 19. Qg3 Nf5 20. Qxh4 Rxh4 21.
Ng3 Nxg3 22. fxg3 Rh5 1/2-1/2

[Event "Madrid-ch 2020-2021 - Previa A"]
[Site "Madrid ESP"]
[Date "2021.02.24"]
[Round "9.9"]
[White "Giron Herranz, Juan"]
[Black "De Luna Butz, Alberto"]
[Result "1/2-1/2"]
[WhiteElo "1796"]
[BlackElo "1691"]
[PlyCount "112"]
[EventDate "2021.02.08"]
[EventType "swiss"]
[EventRounds "9"]
[EventCountry "ESP"]
[SourceTitle "Ajedrez en Madrd"]
[Source "lmi"]
[SourceDate "2021.02.08"]
[SourceVersion "1"]
[SourceVersionDate "2021.03.04"]
[SourceQuality "1"]

1. d4 c5 2. d5 d6 3. c4 e5 4. e4 Nf6 5. Nc3 Be7 6. Bd3 O-O 7. Nge2 Nbd7 8. O-O
Ne8 9. f4 exf4 10. Bxf4 Ne5 11. Bxe5 dxe5 12. Ng3 g6 13. Rf2 Bh4 14. Qd2 Qg5
15. Qxg5 Bxg5 16. Re1 Nd6 17. Nb5 Ne8 18. Nf1 a6 19. Nc3 Bd7 20. Ne3 Nd6 21. g3
Rab8 22. b3 b5 23. h4 Bd8 24. Ref1 h5 25. Kg2 Kg7 26. Rf3 f6 27. R3f2 b4 28.
Ne2 a5 29. Nc1 a4 30. Kh2 Be7 31. bxa4 Bxa4 32. Nb3 Nf7 33. g4 hxg4 34. Nxg4
Nh6 35. Nxh6 Kxh6 36. Rg2 Rb6 37. Rfg1 Rg8 38. Nd2 Be8 39. Bc2 Ra6 40. Bb3 Ba4
41. Nf1 Bxb3 42. axb3 Ra3 43. Rb2 Rga8 44. Ng3 Ra2 45. Rgb1 Rxb2+ 46. Rxb2 Ra1
47. h5 f5 48. hxg6 Kxg6 49. Nxf5 Bg5 50. Kg2 Re1 51. Kf3 Rf1+ 52. Kg3 Rg1+ 53.
Kf3 Rf1+ 54. Ke2 Rh1 55. Kf3 Rf1+ 56. Kg2 Re1 1/2-1/2

[Event "Madrid-ch 2020-2021 - Previa A"]
[Site "Madrid ESP"]
[Date "2021.02.24"]
[Round "9.11"]
[White "Giron Herranz, Ivan"]
[Black "Alonso Pardo, Daniel"]
[Result "0-1"]
[WhiteElo "1380"]
[BlackElo "1568"]
[PlyCount "40"]
[EventDate "2021.02.08"]
[EventType "swiss"]
[EventRounds "9"]
[EventCountry "ESP"]
[SourceTitle "Ajedrez en Madrd"]
[Source "lmi"]
[SourceDate "2021.02.08"]
[SourceVersion "1"]
[SourceVersionDate "2021.03.04"]
[SourceQuality "1"]

1. f4 d5 2. e3 Nf6 3. Nf3 Nc6 4. b3 g6 5. Bb2 Bg7 6. Bb5 Bd7 7. Nd4 Nxd4 8.
Bxd7+ Qxd7 9. Bxd4 Nh5 10. Bxg7 Nxg7 11. O-O O-O 12. Nc3 f6 13. Qf3 Rad8 14.
Ne2 e5 15. d3 Qe6 16. c4 e4 17. dxe4 dxe4 18. Qg3 Nf5 19. Qh3 Rd3 20. Kf2 Qb6
0-1

[Event "Madrid-ch 2020-2021 - Previa A"]
[Site "Madrid ESP"]
[Date "2021.02.24"]
[Round "9.14"]
[White "Torres Rebolledo, Marcos"]
[Black "Peña Gutierrez, Jacobo"]
[Result "1-0"]
[WhiteElo "1334"]
[BlackElo "1151"]
[PlyCount "55"]
[EventDate "2021.02.08"]
[EventType "swiss"]
[EventRounds "9"]
[EventCountry "ESP"]
[SourceTitle "Ajedrez en Madrd"]
[Source "lmi"]
[SourceDate "2021.02.08"]
[SourceVersion "1"]
[SourceVersionDate "2021.03.04"]
[SourceQuality "1"]

1. e4 e5 2. Nf3 Nc6 3. Bb5 Bc5 4. O-O Nge7 5. c3 O-O 6. Re1 d6 7. h3 h6 8. a3
a6 9. Ba4 Be6 10. d4 exd4 11. cxd4 Bxh3 12. dxc5 Be6 13. cxd6 cxd6 14. Bf4 Bg4
15. Qxd6 Qb6 16. b4 Bxf3 17. gxf3 Ng6 18. Bg3 h5 19. Qc5 Qd8 20. Qxh5 Qf6 21.
Nd2 Rfd8 22. Bxc6 Qxc6 23. Nb3 Rd3 24. Nc5 Rd6 25. Bxd6 Qxd6 26. Nxb7 Qc6 27.
Nc5 Qf6 28. Rad1 1-0